00242nam a2200097Ia 4500008004100000100002700041245003300068260002600101260000900127300000800136170620s9999 xx 000 0 und d aRathor-Bhupendra Singh 0aShiksha Evam Krida Manovigan bNew delhi.Friends Pub c2006 a295